Does the GDPR enhance consumers' control over personal data?: an analysis from a behavioural perspective (Record no. 510315)

000 -LEADER
fixed length control field 00487nam a2200157 4500
008 - FIXED-LENGTH DATA ELEMENTS--GENERAL INFORMATION
fixed length control field 190811b ||||| |||| 00| 0 eng d
100 ## - MAIN ENTRY--PERSONAL NAME
Personal name Ooijen, I. van
245 ## - TITLE STATEMENT
Title Does the GDPR enhance consumers' control over personal data?: an analysis from a behavioural perspective
260 ## - PUBLICATION, DISTRIBUTION, ETC. (IMPRINT)
Date of publication, distribution, etc 2019
300 ## - PHYSICAL DESCRIPTION
Extent p.91-107.
650 ## - SUBJECT ADDED ENTRY--TOPICAL TERM
Topical term or geographic name as entry element Consumers
9 (RLIN) 8088
700 ## - ADDED ENTRY--PERSONAL NAME
Personal name Vrabec, Helena U.
9 (RLIN) 8089
773 ## - HOST ITEM ENTRY
Main entry heading Journal of Consumer Policy
906 ## - LOCAL DATA ELEMENT F, LDF (RLIN)
Subject DIP Data protection
942 ## - ADDED ENTRY ELEMENTS (KOHA)
Source of classification or shelving scheme
Item type Articles
Holdings
Withdrawn status Lost status Source of classification or shelving scheme Damaged status Not for loan Permanent location Current location Date acquired Serial Enumeration / chronology Barcode Date last seen Koha item type
          Indian Institute of Public Administration Indian Institute of Public Administration 2019-08-11 42(1), Mar, 2019: p.91-107. AR119946 2019-08-11 Articles

Powered by Koha